000 00567nam a2200217Ia 4500
003 OSt
005 20221005130724.0
006 a|||||r|||| 00| 0
007 ta
008 221004b |||||||| |||| 00| 0 sat d
024 _a47422
037 _cTextual
040 _aCRL
_cCRL
_bsat
041 _2sat
_asat
082 _aO15,2D40:g, 31G4
100 _aMaraimalai yadgal
_9638550
245 0 _aSakunthala nadka araichi
650 _aSANSKRIT DRAMA
942 _hO15,2D40:g, 31G4
_cTEXL
_2cc
999 _c1058178
_d1058178